00957 a2200217 4500003000500000005001700005040000900022082001000031100003200041245007400073260003100147300001600178505025500194538002900449650001500478651001200493942000800505999001900513952010400532952010300636Nust20170207153212.0 cNust a005.1 aTehsin , Samabia (MSCS-12) aImage - based network anomaly detection techniquecSamabia Tehsin  bMCS,NUSTc2007aRawalpindi avii,63, p.; aIntroduction (page-1) Literature review (page-4) Aggregated traffic analysis (page-8) Traffic image-based anomaly detection (page-12) Detection and identification mechanism (page-22) Results and analysis (page-27) Conclusion and future work (page-38) aAlmirah No 73 Shelf No 2 aPG Thesis aMSCS-12 cTHS c181429d181429 00102ddc40708NFICaMCSbMCSd2016-12-12l0o005.1 TEHpMCSTCS-201r2016-12-08w2016-12-12yBK 00102ddc40708NFICaMCSbMCSd2016-12-12l0o005.1 TEHpMCSTCS-84r2016-12-08w2016-12-12yBK